Histoire du drapeau du Luxembourg - Statistiques

Statistiques générales
  • Ce quiz a été pris 89 fois
    15 depuis la dernière actualisation
  • Le résultat moyen est 6 sur 11
Statistiques - réponses
Hint Réponse % Correct
Empire romain (-50 - 481)
92%
Occupation française du Luxembourg (1795-1815)
83%
Occupation allemande pendant la seconde guerre mondiale (1940-1944)
75%
Royaume-Uni des Pays-Bas (1815-1845)
67%
Francie orientale (843-959)
67%
Luxembourg (1845-1940 et drapeau actuel depuis 1944)
67%
Duché de Luxembourg au sein du Saint-empire romain germanique (1353-1482)
58%
Royaume des francs (481-800) et empire Carolingien (800-843)
50%
Pays-Bas autrichiens (1713-1795)
33%
Duché de Lorraine au sein du Saint-empire romain germanique (959-1353)
25%
Pays-Bas espagnols (1482-1713)
25%
Aucun quiz correspondant
Distribution des résultats
% des personnes avec chaque résultat
Percentile par nombre de réponses
Votre historique - résultats
Vous n’avez pas pris ce quiz depuis la dernière actualisation